000 01144cam a22003257a 4500
003 CHAP
005 20220329143420.0
008 090526s2006 mx a r 00010 spa d
010 _a96241
011 _a97213
020 _a9706865659
035 _a107876
040 _cCHAP
082 0 4 _a621.4021
_bP85y
100 0 0 _aPotter, Merle C.
_991134
245 1 0 _aTermodinámica
_c/por Merle C. Potter y Elaine P. Scott
260 _aMéxico, D. F. :
_bThomson,
_cc2006
300 _a360 p. :
_bilus.
500 _aTrad de : Thermal sciences an introduction to thermodynamics, fluid mechanics, and heat transfer
590 _aBATCH-UPD
_b10
_c20130110
_lUCH01
_h0613
590 _aBATCH-UPD
_b10
_c20130410
_lUCH01
_h0255
590 _aBATCH-UPD
_b10
_c20130914
_lUCH01
_h1934
590 _aCONVERSION
_b10
_c20130109
_lUCH01
_h1353
650 1 4 _aTermodinámica.
_9112366
700 1 _aScott, Elaine P.
_9103375
901 _aBK
942 _cLIBRO
949 _a621.4021 P85y
_bBC
_cLIBRO
_d33724002097892
_eLIBRO
_gI.c/e
_h110217
_i107876
_so
_t$305.00
949 _a621.4021 P85y
_bBC
_cLIBRO
_d33724002097934
_eLIBRO
_fc.2
_gI.c/e
_h110218
_i107876
_si
_t$305.00
999 _c96241
_d96241